000 00520nam a2200169 a 4500
001 000020779
005 20200930011146.0
008 100817s2015 dr 000 0 spa d
020 _a9789945588538
040 _aDO-SdBNP
_bspa
_cBNPHU
082 _axxxxxxxx
_bxxxxxxxx
100 1 _aPérez, Graciela
_943554
245 1 0 _aMundos paralelos /
_cGraciela Pérez.
260 _aSanto Domingo :
_bRumbo Norte,
_c2015.
300 _a59 p. ;
_c23 cm.
500 _aIncluye datos biográficos del autor en la solapa de la cubierta
999 _c20283
_d20283